000 00726nam a2200229 a 4500
001 64489
003 BD-RjUL
005 20211209081320.0
008 170215s1984 nyu b 001 0 eng
035 _a(BD-RjUL)64619
040 _aDLC
_cRUn
_dDLC
_dBD-RjUL
_beng
041 _aeng
082 0 0 _a973.923092
_bSOH 1984
_223
100 1 0 _aSolberg, Carl
_9191316
245 0 4 _aHubert Humphrey :
_ba biography /
_cCarl Solberg
260 _aNew York :
_bW. W. Norton & company,
_cc1984
300 _a572 p. ;
_c24 cm.
504 _aIncludes bibliographical reference and index.
600 _aHumphrey, Hubert H. (Hubert Horatio), 1911-1978
_9191319
650 _aVice-Presidents
_xPolitics and government
_9191318
942 _2ddc
_cBK
999 _c64489
_d64489